000 00280nam a22001337a 4500
003 SGT
082 _a635
_bWAT
100 _aWATSON WILLIAM
245 _aTHE GARDENER'S ASSISTANT
260 _aLONDON
_bTGPC PUBLICATION
_c1934
300 _a388
650 _aAG
942 _2ddc
_cRARE
999 _c33737
_d33737